000 004540000a22001810004500
003 MACL
005 20151028132803.0
008 151028b xxu||||| |||| 00| 0 eng d
040 _aMACL
_cMACL
041 _aEnglish
082 _a294.5/SIN
100 _asingh, Avdhesh Kumar
_917165
245 _aRamayana
_bThrough the ages
260 _aNew Delhi
_bD.K. Printworld
_c2007
350 _a700
650 _aRegilion
_917166
942 _cBK
_k294.5/SIN
_2ddc
999 _c44318
_d44318